Desserts by Picture - Statistics

General Stats
  • This quiz has been taken 198 times
  • The average score is 8 of 16
Answer Stats
Picture Answer % Correct
Brownies
91%
Churros
87%
Tiramisu
86%
Flan
69%
Baklava
63%
Strawberry shortcake
57%
Meringue
52%
Chocolate mousse
50%
Tanghulu
41%
Macaroons
38%
Mango sticky rice
37%
Baked Alaska
33%
Strudel
30%
Egg Tarts
28%
Puff puff
17%
Halo-halo
15%
No matching quizzes found
Score Distribution
Percent of People with Each Score
Percentile by Number Answered
Your Score History
You have not taken this quiz